| 000 | 02028cam a22003614i 4500 | ||
|---|---|---|---|
| 001 | 16495816 | ||
| 005 | 20140903145718.0 | ||
| 008 | 101008t20112011enka 000 0 eng | ||
| 010 | _a 2010042411 | ||
| 015 |
_aGBB092073 _2bnb |
||
| 016 | 7 |
_a015618090 _2Uk |
|
| 020 | _a9780230252868 (hardback) | ||
| 020 | _a0230252869 (hardback) | ||
| 035 | _a(OCoLC)ocn670374999 | ||
| 040 |
_aDLC _cDLC _erda _dYDX _dYDXCP _dBWX _dUKM _dSINLB _dNLGGC _dCDX _dSOI _dDLC |
||
| 042 | _apcc | ||
| 050 | 0 | 0 |
_aHG 4027.6 _b.F76 2011 |
| 082 | 0 | 0 | _a658.15 |
| 084 |
_aBUS027000 _aBUS025000 _aBUS036000 _aBUS041000 _2bisacsh |
||
| 084 |
_a85.03 _2bcl |
||
| 100 | 1 |
_aFrodsham, David, _d1956- |
|
| 245 | 1 | 0 |
_aGetting Between the Balance Sheets : _bThe Four Things Every Entrepreneur Should Know About Finance / _cDavid Frodsham, Heinrich Liechtenstein. |
| 260 |
_aHoundmills, Basingstoke, Hamsphire : _bPalgrave Macmillan, _cc2011. |
||
| 300 |
_aviii, 211 pages : _billustrations ; _c24 cm. |
||
| 505 | 0 | _aAnd the winner is ... MissInge Fashions -- Cash is king -- MissInge's balance sheet -- Balance sheet beauty -- Crisis and confusion -- NFO and working capital -- Grace gets some help -- Growing as fast as possible without new investment -- The bank helps -- Building a cash-lean company -- Back at the bank -- Share structures and shareholders -- MissInge's share capital problem -- Options and shares -- Keeping Joe on board -- Valuing a company -- The deal runs into trouble -- Preparing a company for sale -- The sale of MissInge Fashions -- The lesson of MissInge Fashions -- Appendixes : 1. MissInge's P&L and balance sheet -- 2. Survey results -- 3. P&L and balance sheet - an accounting view. | |
| 521 | _aBSBA | ||
| 650 | 0 |
_aNew business enterprises _xFinance. |
|
| 650 | 0 |
_aBusiness enterprises _xFinance. |
|
| 700 | 1 | _aLiechtenstein, Heinrich. | |
| 906 |
_a7 _bcbc _corignew _d1 _eecip _f20 _gy-gencatlg |
||
| 942 |
_2lcc _cBK _kFOR |
||
| 999 |
_c275390 _d275390 |
||